000 003740000a22001690004500
005 20120302060026.0
942 _cBOOK
100 _a Sangawaar,Srikant
245 _a Andhaarmaya Prakaasha
260 _aPune:Sulekha Prakaashan,1987.
300 _a110p.
040 _aMAR
365 _b20/-
650 _aVaangamaya
650 _aNaatak
650 _aSaamaajika Naatak
999 _c350027
_d350024